Statistics for Football Clubs That Share The Same Stadium

Click here to take the quiz!

General Stats

  • This quiz has been taken 34 times
    (21 since last reset)
  • The average score is 8 of 16

Answer Stats

StadiumTeams% Correct
AC Milan
94%
Allianz ArenaBayern Munich
94%
San SiroInternazionale
94%
1860 Munich
78%
Lazio
78%
Stadio OlimpicoRoma
78%
Genoa
50%
Stadio Luigi FerrarisSampdoria
50%
Cercle Brugge
22%
Stadio Marc'Antonio BentegodiChievo Verona
22%
Jan Breydel StadiumClub Brugge
22%
Hellas Verona
22%
StubHub CenterLA Galaxy
17%
Chivas USA
11%
LetzigrundFC Zurich
11%
Grasshoppers
11%

Score Distribution

Percentile by Number Answered

Percent of People with Each Score

Your Score History

You have not taken this quiz since the last reset